00824nam a22001937a 450000500170000001000150001702000260003203500140005803700090007208200080008124500980008926001500018727000750033730000200041270000310043294200220046399900190048595201260050420240510112637.0 aENG-140327 c600.00a9788195174690 aEN-123859 bDBAD a658 aParadigm Shift Towards Sustainable Business and Management Practices/cBy S.Selvanathan et.al aTamil NadubVirudhunagar Hindu Nadars' Senthikumara Nadar College bMangayarkarasi College of Arts and Science for Women, Paravai, Madurai c2023 a25-B T.T.K.Road, (Near M.G.R. Statue) Virudhunagar-626001 bTamil Nadu a317p.c28cm(pb) aSelvanathan,S et.al966063 2ddccENh658kPAR c202791d202791 001040708NFICaAVbAVd2024-05-10eDBADg600.00l0o658 PARpEN-123859r2024-05-10 00:00:00t1v600.00w2024-05-10yEN